The waste makers
محفوظ في:
| المؤلف الرئيسي: | |
|---|---|
| التنسيق: | كتاب |
| اللغة: | Undetermined |
| منشور في: |
New York
Pocket Books Published
1969
|
| الموضوعات: | |
| الوسوم: |
إضافة وسم
لا توجد وسوم, كن أول من يضع وسما على هذه التسجيلة!
|
| Thư viện lưu trữ: | Trung tâm Học liệu Trường Đại học Cần Thơ |
|---|
| LEADER | 00489nam a2200181Ia 4500 | ||
|---|---|---|---|
| 001 | CTU_78612 | ||
| 008 | 210402s9999 xx 000 0 und d | ||
| 082 | |a 363.728 | ||
| 082 | |b P119 | ||
| 100 | |a Packard, Vance | ||
| 245 | 4 | |a The waste makers | |
| 245 | 0 | |c Vance Packard | |
| 260 | |a New York | ||
| 260 | |b Pocket Books Published | ||
| 260 | |c 1969 | ||
| 650 | |a Consumption (Economics),Industries | ||
| 650 | |z United States | ||
| 980 | |a Trung tâm Học liệu Trường Đại học Cần Thơ | ||